Livres de la bible - Statistiques

Statistiques générales
  • Ce quiz a été pris 53 fois
  • Le résultat moyen est 12 sur 66
Statistiques - réponses
Ordre Livres % Correct
1 Genèse
100%
2 Exode
76%
5 Deutéronome
53%
4 Nombres
53%
3 Lévitique
50%
6 Josué
38%
7 Juges
35%
8 Ruth
35%
9 1 Samuel
32%
10 2 Samuel
32%
13 1 Chroniques
29%
11 1 Rois
29%
14 2 Chroniques
29%
12 2 Rois
29%
15 Esdras
29%
16 Néhémie
29%
17 Esther
26%
18 Job
26%
19 Psaumes
26%
20 Proverbes
24%
21 Ecclésiaste
18%
27 Daniel
15%
65 Jude
15%
62 1 Jean
12%
60 1 Pierre
12%
63 2 Jean
12%
61 2 Pierre
12%
64 3 Jean
12%
26 Ezéchiel
12%
24 Jérémie
12%
25 Lamentations
12%
66 Révélation
12%
54 1 Timothée
9%
53 2 Thessaloniciens
9%
55 2 Timothée
9%
22 Chant de Salomon
9%
58 Hébreux
9%
23 Isaïe
9%
59 Jacques
9%
43 Jean
9%
32 Jonas
9%
42 Luc
9%
41 Marc
9%
40 Matthieu
9%
28 Osée
9%
57 Philémon
9%
56 Tite
9%
46 1 Corinthiens
6%
52 1 Thessaloniciens
6%
47 2 Corinthiens
6%
31 Abdias
6%
44 Acte
6%
30 Amos
6%
51 Colossiens
6%
48 Galates
6%
35 Habacuc
6%
29 Joël
6%
33 Michée
6%
34 Nahum
6%
50 Philippiens
6%
45 Romains
6%
37 Aggée
3%
49 Ephésiens
3%
39 Malachie
3%
36 Sophonie
3%
38 Zacharie
3%
Aucun quiz correspondant
Distribution des résultats
% des personnes avec chaque résultat
Percentile par nombre de réponses
Votre historique - résultats
Vous n’avez pas pris ce quiz